00317nam a2200133Ia 4500008004100000020001800041041000800059082001200067100001000079245004500089250001100134260002100145650001700166260624s2022 xx 000 0 und d a9789354655104 aeng a612.015 aJones aManual of Practical Medical Biochemistry a3rd ed bJaypee2022c2022 aBiochemistry